Multiple modernity, nationalism and religion: a global perspective /
Na minha lista:
| Autor principal: | |
|---|---|
| Formato: | Texto |
| Assuntos: | |
| Tags: |
Adicionar Tag
Sem tags, seja o primeiro a adicionar uma tag!
|
MARC
| LEADER | 00000 a a2200000 04500 | ||
|---|---|---|---|
| 001 | 4702 | ||
| 003 | |||
| 040 | |||
| 100 | |a Spohn, Willfried | ||
| 245 | |a Multiple modernity, nationalism and religion: |b a global perspective / |c Willfried Spohn | ||
| 650 | |a MODERNIZACION | ||
| 650 | |a CAMBIO SOCIAL | ||
| 650 | |a RELIGION | ||
| 650 | |a NACIONALISMO | ||
| 650 | |a INTEGRISMO | ||
| 650 | |a TEORIA | ||
| 773 | |g volumen 51, número 3 -4; páginas 265-286 | ||
| 999 | |c 25435 |d 25435 | ||
